Pensando con Ratzinger (Record no. 186700)
[ view plain ]
| 000 -LEADER | |
|---|---|
| campo de control de longitud fija | 01043nam a2200277 i 4500 |
| 001 - NÚMERO DE CONTROL | |
| campo de control | 186700 |
| 003 - IDENTIFICADOR DE NÚMERO DE CONTROL | |
| campo de control | SpMaBN |
| 005 - FECHA Y HORA DE LA ÚLTIMA TRANSACCIÓN | |
| campo de control | 20240124170143.0 |
| 008 - DATOS DE LONGITUD FIJA--INFORMACIÓN GENERAL | |
| campo de control de longitud fija | 170207s2016 sp |||| | spa d |
| 020 ## - NÚMERO INTERNACIONAL ESTÁNDAR DEL LIBRO | |
| Número Internacional Estándar del Libro | 978-84-220-1896-4 |
| 080 ## - NÚMERO DE LA CLASIFICACIÓN DECIMAL UNIVERSAL | |
| Número de la Clasificación Decimal Universal | 27-31 |
| 080 ## - NÚMERO DE LA CLASIFICACIÓN DECIMAL UNIVERSAL | |
| Número de la Clasificación Decimal Universal | 27 Benedicto XVI, Papa |
| 100 1# - ENTRADA PRINCIPAL--NOMBRE DE PERSONA | |
| Nombre de persona | Ramos Centeno, Vicente. |
| 9 (RLIN) | 95294 |
| 245 10 - MENCIÓN DEL TÍTULO | |
| Título | Pensando con Ratzinger |
| Resto del título | : reflexiones filosóficas a partir del "Jesús de Nazaret" / |
| Mención de responsabilidad, etc. | Vicente Ramos Centeno. |
| 246 10 - FORMA VARIANTE DEL TITULO | |
| Título propio/Titulo breve | Jesús de Nazareth |
| 260 ## - PUBLICACIÓN, DISTRIBUCIÓN, ETC. | |
| Lugar de publicación, distribución, etc. | Madrid : |
| Nombre del editor, distribuidor, etc. | Biblioteca de Autores Cristianos, |
| Fecha de publicación, distribución, etc. | 2016. |
| 300 ## - DESCRIPCIÓN FÍSICA | |
| Extensión | XXIX, 136 p. ; |
| Dimensiones | 21 cm. |
| 490 1# - MENCIÓN DE SERIE | |
| Mención de serie | Estudios y ensayos BAC ; |
| Designación de volumen o secuencia | 194. |
| Mención de serie | Filosofía |
| 504 ## - NOTA DE BIBLIOGRAFÍA, ETC. | |
| Nota de bibliografía, etc. | Bibliografía: p. [XXV]-XXVIII. |
| 600 07 - PUNTO DE ACCESO ADICIONAL DE MATERIA--NOMBRE DE PERSONA | |
| Nombre de persona | Jesucristo. |
| 9 (RLIN) | 66361 |
| 600 07 - PUNTO DE ACCESO ADICIONAL DE MATERIA--NOMBRE DE PERSONA | |
| Nombre de persona | Benedicto |
| Numeración | XVI |
| Títulos y otros términos asociados al nombre | Papa- |
| Subdivisión general | Crítica e interpretación. |
| 9 (RLIN) | 161656 |
| 700 0# - ENTRADA AGREGADA--NOMBRE PERSONAL | |
| Nombre de persona | Benedicto |
| Numeración | XVI, |
| Títulos y otros términos asociados al nombre | Papa |
| 9 (RLIN) | 234934 |
| 830 0# - PUNTO DE ACCESO ADICIONAL DE SERIE-TÍTULO UNIFORME | |
| Título uniforme | Estudios y ensayos BAC ; |
| Designación de volumen o secuencia | 194. |
| Título uniforme | Filosofía |
| 9 (RLIN) | 225460 |
| 852 ## - LOCALIZACIÓN | |
| Ubicación | ES-MaACL |
| Número de control de estantería | A-6115 |
| Nota libre | . - Dedicatoria autógrafa del autor |
| Estatus retirado | Estado de pérdida | Estado de daño | No para préstamo | Biblioteca de origen | Biblioteca actual | Ubicación en estantería | Fecha de adquisición | Fuente de adquisición | Total de préstamos | Signatura topográfica completa | Código de barras | Visto por última vez | Precio de reemplazo | Tipo de ítem Koha |
|---|---|---|---|---|---|---|---|---|---|---|---|---|---|---|
| Biblioteca del Ateneo de Madrid | Biblioteca del Ateneo de Madrid | Sala Pecera Planta 1 | 07/02/2017 | A-6115 | 1196933 | 23/02/2023 | 23/02/2023 | Libro impreso |
